Departments of France and their capitals / Départements français et leurs capitales #4 - Statistics

General Stats
  • This quiz has been taken 295 times
  • The average score is 10 of 15
Answer Stats
Hint Answer % Correct
Nord Lille
98%
Meurthe et Moselle Nancy
83%
Moselle Metz
79%
Nièvre Nevers
72%
Maine et Loire Angers
71%
Morbihan Vannes
71%
Mayenne Laval
62%
Manche Saint Lô
60%
Oise Beauvais
58%
Lot et Garonne Agen
55%
Marne Châlons en Champagne
53%
Lot Cahors
52%
Lozère Mende
52%
Haute Marne Chaumont
50%
Meuse Bar le Duc
46%
No matching quizzes found
Score Distribution
Percent of People with Each Score
Percentile by Number Answered
Your Score History
You have not taken this quiz